Words, Inc. Quiz Stats

Quiz Updated Jun 10, 2013

Also try: Who Gnu?
Challenge
Share
Tweet
Embed
Score 0/36 Timer 07:00
1 Play Today
Definition 'Inc' Word % Correct
1/12 of a foot (4)Inch
93.7%
Sex between related people (6)Incest
88.1%
Put in prison (11)Incarcerate
87.6%
A rising slope (7)Incline
86.3%
Front tooth used for cutting (7)Incisor
83.9%
Burn to ashes (10)Incinerate
81.3%
Sit on (eggs) so as to hatch (8)Incubate
78%
Amazing, extraordinary (10)Incredible
72.7%
Make greater; augment (8)Increase
72.6%
Lacking a part (10)Incomplete
71.6%
Current holder of an office (9)Incumbent
71.5%
Move to action (6)Incite
71.2%
With one's identity concealed (9)Incognito
67%
Unsuitable for use together (12)Incompatible
66.1%
Unable to control urination (11)Incontinent
65.9%
Pleasing scent (7)Incense
65.7%
Strikingly bright or radiant (12)Incandescent
61.7%
Contain between or within (7)Include
59%
Definition 'Inc' Word % Correct
Lacking mildness, i.e. weather (9)Inclement
58.6%
Occurrence or happening (8)Incident
58%
Impossible to understand (16)Incomprehensible
57.7%
Troublesome or untimely, i.e. Gore's 'Truth' (12)Inconvenient
56.4%
Deprive of natural power; disable (12)Incapacitate
53.8%
The amount by which something changes (9)Increment
52.7%
Recurrent monetary benefit (6)Income
51.7%
Become liable or subject to (5)Incur
49.4%
Recite, utter (6)Incant
44.8%
Unite in or as one body (11)Incorporate
42.9%
Show proof of involvement in a crime (11)Incriminate
42%
Without means of communication (13)Incommunicado
41%
Evil spirit that lies on sleeping people (7)Incubus
37.2%
Careless of the feelings of others (13)Inconsiderate
36%
Act or process of beginning (9)Inception
30.5%
Lacking qualities needed for effective action (11)Incompetent
29.7%
Not manageable; unruly (12)Incorrigible
21.3%
Not conforming; disagreeing (11)Incongruous
13.8%

You're not logged in!

Compare scores with friends on all Sporcle quizzes.
Sign Up with Email
OR
Log In

You Might Also Like...

Show Comments

Extras

Top Quizzes Today


Score Distribution

Your Account Isn't Verified!

In order to create a playlist on Sporcle, you need to verify the email address you used during registration. Go to your Sporcle Settings to finish the process.

Report this User

Report this user for behavior that violates our Community Guidelines.

Details: